000 00657nam a2200205 a 4500
003 PILC
005 20160306115607.0
008 120815s2008 xx 00 eng d
010 _aAcc#42722
020 _a9789719389682
050 _aFil DS 528.8 .F8
_bS99 2008
040 _cPhilippine Baptist Theological Seminary
245 1 0 _a60 years and bon vivant :
_bPhilippine-French relations /
_cAmbeth R. Ocampo, editor.
260 0 _aManila, Phils :
_bArtPostAsia Pte Ltd,
_cc2008.
300 _a167 p. ; 24 cm.
650 _aFRENCH
_xPHILIPPINES
650 _aPHILIPPINES
_xRELATIONS
_xFRANCE
650 4 _aFRANCE
_xRELATIONS
_xPHILIPPINES
942 _cCB
_2lcc
999 _c20313
_d20313